000
00301nam a22001337a 4500
008
181011b xxu||||| |||| 00| 0 eng d
020
_a
9780763707279
041
_a
eng
080
_a
616
100
_a
9
101
_a
PAT
245
_a
An Introduction to Human Disease
_c
Crowley, L
942
_2
udc
_c
BK
999
_c
49430
_d
49430